Top 50 Albums from 1997 - Statistics

General Stats
  • This quiz has been taken 10 times
  • The average score is 6 of 50
Answer Stats
Artist Album % Correct
#1: Radiohead OK Computer
89%
#30: The Prodigy The Fat of the Land
67%
#2: Godspeed You! Black Emperor F♯ A♯ ∞
56%
#3: Björk Homogenic
56%
#20: Buena Vista Social Club Buena Vista Social Club
44%
#19: Stereolab Dots and Loops
44%
#11: Portishead Portishead
44%
#46: Deftones Around the Fur
22%
#40: Erykah Badu Baduizm
22%
#8: Spiritualized Ladies and Gentlemen We Are Floating in Space
22%
#10: Ween The Mollusk
22%
#34: Bruce Dickinson Accident of Birth
11%
#9: Emperor Anthems to the Welkin at Dusk
11%
#26: Pavement Brighten the Corners
11%
#29: Electric Wizard Come My Fanatics...
11%
#32: Sleater-Kinney Dig Me Out
11%
#4: Elliott Smith Either / Or
11%
#7: Yo La Tengo I Can Hear the Heart Beating as One
11%
#18: Mogwai Mogwai Young Team
11%
#6: Built to Spill Perfect from Now On
11%
#15: Nick Cave and the Bad Seeds The Boatman's Call
11%
#5: Modest Mouse The Lonesome Crowded West
11%
#24: Bob Dylan Time Out of Mind
11%
#13: Fishmans Uchū Nippon Setagaya
11%
#47: Jim O'Rourke Bad Timing
0%
#22: Ocean Machine Biomech
0%
#28: Michiru Yamane Castlevania: Rondo of Blood
0%
#21: Strapping Young Lad City
0%
#36: Tindersticks Curtains
0%
#45: Steve Earle El Corazón
0%
#33: Mark Morgan Fallout
0%
#12: Nobuo Uematsu Final Fantasy VII
0%
#27: The California EAR Unit For Philip Guston
0%
#38: Company Flow Funcrusher Plus
0%
#42: Arditti String Quartet György Ligeti Edition 1: String Quartets and Duets
0%
#25: Pierre-Laurent Aimard György Ligeti Edition 3: Works for Piano - Études, Musica Ricercata
0%
#44: Various Artists Lost Highway
0%
#16: Joe Hisaishi Mononoke-Hime
0%
#48: Ulver Nattens Madrigal: Aatte Hymne til Ulven i Manden
0%
#39: The Gathering Nighttime Birds
0%
#41: Bernard Herrmann Psycho
0%
#31: Racionais MC's Sobrevivendo no Inferno
0%
#43: Gamma Ray Somewhere Out in Space
0%
#49: Whiskeytown Strangers Almanac
0%
#23: Biosphere Substrata
0%
#35: Wiener Philharmoniker / Pierre Boulez Symphonie No. 5
0%
#14: Takács Quartet The 6 String Quartets
0%
#50: Symphony X The Divine Wings of Tragedy
0%
#17: Shiro Sagisu The End of Evangelion
0%
#37: Camp Lo Uptown Saturday Night
0%
No matching quizzes found
Score Distribution
Percent of People with Each Score
Percentile by Number Answered
Your Score History
You have not taken this quiz